Bokserzy - nagła śmierć - Statystyki

Ogólne statystyki
  • Ten quiz został rozwiązany 340 razy
  • Średni wynik to 9 z 13
Answers on the Grid
Answers color-coded by a green-red scale on the quiz's grid according to % correct below.
Andrzej Gołota
Fernando Torres
Ilia Topuria
Mike Tyson
Tomasz Adamek
Krzysztof Radzikowski
Krzysztof Włodarczyk
Robert Ruchała
Ołeksandr Usyk
Chabib Nurmagomiedow
Adrian Bartosiński
Tadej Pogacar
Anthony Joshua
Eddie Hall
Mariusz Wach
Stan Wawrinka
Conor McGregor
Tyson Fury
Alexander Volkanovski
Wołodymyr Kłyczko
Mariusz Pudzianowski
Dariusz Michalczewski
Lennox Lewis
Muhammad Ali
Sławomir Toczek
Eddy Merckx
Juan Martín del Potro
Daniel Dubois
 
Statystyki odpowiedzi
Odpowiedź % Poprawnych
Andrzej Gołota
96%
Mike Tyson
88%
Tomasz Adamek
78%
Ołeksandr Usyk
70%
Krzysztof Włodarczyk
68%
Tyson Fury
68%
Muhammad Ali
64%
Anthony Joshua
63%
Wołodymyr Kłyczko
61%
Mariusz Wach
56%
Dariusz Michalczewski
55%
Lennox Lewis
50%
Daniel Dubois
46%
Nie znaleziono quizów pasujących do podanych kryteriów
Rozkład punktacji
Procent ludzi z każdym wynikiem
Percentyl według liczby udzielonych odpowiedzi
Twoja historia wyników
Nie rozwiązałeś tego quizu